书目信息 |
| 题名: |
泰戈尔精品集
|
|
| 作者: | 泰戈尔 著 ;白开元 译 | |
| 分册: | 传记卷 | |
| 出版信息: | 合肥 安徽文艺出版社 2017.02 |
|
| 页数: | 290页 | |
| 开本: | 21cm | |
| 丛书名: | ||
| 单 册: | ||
| 中图分类: | I351.15 , K833.515.6=52 | |
| 科图分类: | ||
| 主题词: | 外国文学--现代文学--作品集--印度 | |
| 电子资源: | ||
| ISBN: | 978-7-5396-5886-5 | |
| 000 | 01246nam0 2200277 450 | |
| 001 | 0120172169085 | |
| 005 | 20170911103905.99 | |
| 010 | @a978-7-5396-5886-5@dCNY32.00 | |
| 100 | @a20170418d2017 em y0chiy50 ea | |
| 101 | 1 | @achi@cinc |
| 102 | @aCN@b340000 | |
| 105 | @ay z 000ya | |
| 106 | @ar | |
| 200 | 1 | @a泰戈尔精品集@9tai ge er jing pin ji@i传记卷@f(印)泰戈尔(Rabindranath Tagore)著@g白开元译 |
| 210 | @a合肥@c安徽文艺出版社@d2017.02 | |
| 215 | @a290页@d21cm | |
| 330 | @a本书系泰戈尔的自传,作者以舒缓清新的笔调介绍了自己一生的生活、学习、事业等。全书共分为六辑,分别是我的童年、人生回忆、经管祖传田庄、创建学校、探望狱中的甘地和往事悠悠。基本以时间为主线,主要叙述了泰戈尔恣意无忧的的童年时光,热爱文学、逐渐走上创作道路的青少年时期,以及成名之后的创作情况、生活细节、人际交往及哲学思想等,展示了泰戈尔真实的成长过程和哲学思想形成的本源。 | |
| 333 | @a一般读者 | |
| 600 | 0 | @a泰戈尔@c(Tagore, Rabindranath@f1861-1941)@x自传 |
| 606 | 0 | @a外国文学@x现代文学@x作品集@y印度 |
| 690 | @aI351.15@v5 | |
| 690 | @aK833.515.6=52@v5 | |
| 701 | 0 | @c(印)@a泰戈尔@9tai ge er@c(Tagore, Rabindranath@f1861-1941)@4著 |
| 702 | 0 | @a白开元@9bai kai yuan@4译 |
| 801 | 0 | @aCN@b人天书店@c20170418 |
| 905 | @b1066082-87@dI351.15@e106:4@f6 | |
| 泰戈尔精品集.传记卷/(印)泰戈尔(Rabindranath Tagore)著/白开元译.-合肥:安徽文艺出版社,2017.02 |
| 290页;21cm |
| 使用对象:一般读者 |
| ISBN 978-7-5396-5886-5:CNY32.00 |
| 本书系泰戈尔的自传,作者以舒缓清新的笔调介绍了自己一生的生活、学习、事业等。全书共分为六辑,分别是我的童年、人生回忆、经管祖传田庄、创建学校、探望狱中的甘地和往事悠悠。基本以时间为主线,主要叙述了泰戈尔恣意无忧的的童年时光,热爱文学、逐渐走上创作道路的青少年时期,以及成名之后的创作情况、生活细节、人际交往及哲学思想等,展示了泰戈尔真实的成长过程和哲学思想形成的本源。 |
| ● |
| 相关链接 |
|
|
|
|
正题名:泰戈尔精品集
索取号:I351.15/106:4
 
预约/预借
| 序号 | 登录号 | 条形码 | 馆藏地/架位号 | 状态 | 备注 |
| 1 | 1066082 | 210660827 | 第一样本阅览室/ [索取号:I351.15/106:4] | 在馆 | |
| 2 | 1066083 | 210660836 | 密集书库-文学院/ [索取号:I351.15/106:4] | 在馆 | |
| 3 | 1066084 | 210660845 | 第二借阅区/ [索取号:I351.15/106:4] | 在馆 | |
| 4 | 1066085 | 210660854 | 第二借阅区/ [索取号:I351.15/106:4] | 在馆 | |
| 5 | 1066086 | 210660863 | 第二借阅区/ [索取号:I351.15/106:4] | 在馆 | |
| 6 | 1066087 | 210660872 | 第二借阅区/ [索取号:I351.15/106:4] | 在馆 |